| 000 | 00498 a2200133 4500 | ||
|---|---|---|---|
| 001 | 91319 | ||
| 082 | _aPR 1213 | ||
| 090 |
_c43430 _d43429 |
||
| 100 | _aForhad Hossain Mahmud; Prof Nudrat Kazmi (Advisor) | ||
| 245 |
_aTo Solve 2-dimentional Steady state fluid flow problem over arbitrarily shaped bodies using finite element technique in conjunction with the 1"x1" open circuit wind tunnel _n44 "A" EC |
||
| 260 |
_aKarachi _bNED University _c1996 |
||
| 300 | _a51p | ||
| 500 | _aBE Project Reports | ||
| 942 |
_aCAE NUST _kPR 1213 |
||
| 999 |
_c326392 _d326392 |
||